| 000 | 03821naa a2200325Ia 4500 | ||
|---|---|---|---|
| 003 | OSt | ||
| 005 | 20260416110908.0 | ||
| 008 | 260416s2017 xx 000 0 und d | ||
| 040 |
_aFoundation University _bEng _cFoundation University _erda |
||
| 050 |
_aCBA (FinMgt-FS) LG 221 D35 B87 _bA5 B87 F56 2013 A83 |
||
| 099 | _a799 | ||
| 100 |
_aAt-at, Celeste B. _91517 _eauthor. |
||
| 245 | 1 | 0 |
_aEstablishment of MCM'S papaya plantation at Janay-Janay, San Jose, Negros Orental / _cby Celeste B. At-at, Mary Pearl M. Sayre and Michelle A. Simbajon |
| 264 |
_aDumaguete City _bFoundation Uiniversity, _c2013. _42013. |
||
| 300 |
_aix, 94 leaves : _bill. (chiefly color) ; _c28 cm. _3volume _fresource |
||
| 336 |
_2rdacontent _atext _btxt |
||
| 337 |
_2rdamedia _aunmediated _bn |
||
| 338 |
_3rdacarrier _avolume _bnc |
||
| 502 | _eUndergraduate feasibility (BS in Administration Major in Financial management ) - - Foundation University, 2013. | ||
| 504 | _aIncludes bibliographical references and appendices. | ||
| 520 | _aABSTRACT Titie of the Study: ESTABLISHMENT OF MCM'S PAPAYA PLANTATION AT JANAY-JANAY SAN JOSE MICHELLE SIMBAJON, BSBA-OM IV Authors: MARY PEARL SAYRE, BSBA- OM V CELESTE AT-AT, BSBA- FM IV Foundation University School: Miciano Rd., Dumaguete City, Negros Oriental Dated Completed: October 30, 2012 The objective of the study is to determine the visibility of establishing a MCM's Papaya Plantation at Janay-janay, San Jose, Negros Oriental. The specific areas that are considered in this study are the following: (1) the marketing aspect of the proposed project: (2) the technical aspect of the proposed project: (3) the financial aspect of the proposed project (4) the management aspect of the proposed project; and (5) the socio-economic desirability of the proposed project. The name of the proposed project is MCM's Papaya Plantation. The study made use of a survey questionnaire, interview, observation and documentary analysis The prepared questionnaires were distributed to the respondents and to the proponent. The total population that we gather from the survey was not exceeding of more than 234 populations. So, we don't need to use any formula to get the sample, instead we use the total population of the survey we had gathered. The proposed project is visible from marketing, technical, management, financial and socio-economic desirability. In the marketing point of view, the project is really feasible since majority of the respondents are wiling to purchase papaya at MCM's plantation. In the technical aspect, the project is feasible since the location has easy access because it is right beside the main road and water just is available. In the management aspect the management is feasible because the proponent will manage the operation daily in line with the organization goals and objectives and hiring the best people that fit to every job description and qualification. Financially the proposed project is feasible because the initial capital will be recovered within one year, eight months and fourteen days. The proposed project will surely benefit the entire organization. A reasonable returns on investment for the proponent and will be generation and will be generation income for the locals. | ||
| 650 |
_aPapaya _zPhilippines _915507 |
||
| 650 |
_aFruit trade _zPhilippines. _915514 |
||
| 650 |
_aAgricultural development _zPhilippines. _915515 |
||
| 650 |
_aFeasibility studies. _913723 |
||
| 658 |
_aProject Feasibility Study : _bAdministration Major Management Accounting, Bachelor of Science in ; _cFSB301 |
||
| 700 |
_aSayre, Mary Pearl M. _eco-author _915510 |
||
| 700 |
_aSimbajon, Michelle A. _eco-author _915511 |
||
| 942 |
_2lcc _cFS _hLG 221 D35 B87 _i A5 B87 F56 2013 A83 _kCBA (FinMgt-FS) |
||
| 999 |
_c5744 _d5744 |
||